Cuentos sucios

Salvato in:
Dettagli Bibliografici
Autore principale: Escudos, Jacinta 1961-
Natura: Libro
Lingua:Spanish
Pubblicazione: San Salvador, El Salvador Dirección de Publicaciones e Impresos. Consejo Nacional para la Cultura y el Arte, Ministerio de Educación 1997
Serie:Colección Ficciones volumen 4
Soggetti:
Tags: Aggiungi Tag
Nessun Tag, puoi essere il primo ad aggiungerne!!

MARC

LEADER 00000nam a22000007a 4500
008 140523s1997 es |||f |||| 000 f spa d
082 |a ES863.4 E74c 
100 1 |a Escudos, Jacinta  |d 1961- 
245 1 0 |a Cuentos sucios  |c Jacinto Escudos 
260 |a San Salvador, El Salvador  |b Dirección de Publicaciones e Impresos. Consejo Nacional para la Cultura y el Arte, Ministerio de Educación  |c 1997 
300 |a 123 páginas 
490 0 |a Colección Ficciones  |v volumen 4 
650 7 |a LITERATURA SALVADOREÑA  |v NOVELA 
942 |2 ddc  |c BK 
999 |c 3262  |d 3262